000 00599nam a2200169 a 4500
001 000032359
003 DO-SdBNP
005 20260512110455.0
008 110714s19uu dr c 000 0 spa d
040 _aDO-SdBNP
_bspa
_cBNPHU
082 4 _bR426m
_222
110 1 _aRepública Dominicana.
_9447
245 1 0 _aMemoria que la Junta Directiva de la Cámara de Comercio, Industria y Agricultura presenta a la Asamblea General de Asociados 1920-1921.
260 _aCiudad Trujillo, República Dominicana :
_bImp. Boletín Oficial,
_c[192?].
300 _a50 p. :
_bretrs. ;
_c23 cm.
942 _2ddc
_cLBS1
999 _c31850
_d31850